| 000 | 00947cam a22002773a 4500 | ||
|---|---|---|---|
| 001 | 24886 | ||
| 003 | PGUSA | ||
| 005 | 20140828083532.0 | ||
| 008 | 080321s2008||||xxu|||||s|||||000 | eng d | ||
| 040 |
_aPGUSA _beng |
||
| 042 | _adc | ||
| 050 | 4 | _aRM | |
| 100 | 1 |
_aWithering, William, _d1741-1799 |
|
| 245 | 1 | 3 |
_aAn Account of the Foxglove and some of its Medical Uses : _bWith Practical Remarks on Dropsy and Other Diseases _h[electronic resource] / _cWilliam Withering |
| 260 |
_bProject Gutenberg, _c2008 |
||
| 506 | _aPublic domain in the USA. | ||
| 516 | _aElectronic text | ||
| 653 | _aMedicine -- Case studies -- Early works to 1800 | ||
| 653 | _aMateria medica | ||
| 653 | _aEdema -- Case studies -- Early works to 1800 | ||
| 653 | _aPurple foxglove | ||
| 653 | _aDigitalis (Drug) -- Case studies -- Early works to 1800 | ||
| 830 | 0 |
_aProject Gutenberg _v24886 |
|
| 856 | 4 | 0 | _uhttp://www.gutenberg.org/ebooks/24886 |
| 942 | _cEB | ||
| 999 |
_c254141 _d254141 |
||